|
|
|
|
| LEADER |
00000nam0a2200000 4500 |
| 001 |
33017 |
| 005 |
20231101210131.0 |
| 010 |
|
|
|a 5724501376
|
| 035 |
|
|
|a (RuTPU)RU\TPU\book\33332
|
| 035 |
|
|
|a BOOK00000050
|
| 090 |
|
|
|a 33017
|
| 100 |
|
|
|a 20011210d1990 k y0rusy50 ca
|
| 101 |
0 |
|
|a rus
|
| 102 |
|
|
|a RU
|
| 105 |
|
|
|a а z 001zy
|
| 200 |
1 |
|
|a Омагниченная вода: правда и вымысел
|f Ю. М. Сокольский
|
| 210 |
|
|
|a Ленинград
|c Химия
|d 1990
|
| 215 |
|
|
|a 143 с.
|c ил.
|
| 225 |
1 |
|
|a Вопросы современной химии
|
| 320 |
|
|
|a Библиогр.: с. 140.
|
| 606 |
1 |
|
|a Вода
|x Магнитная обработка
|2 stltpush
|3 (RuTPU)RU\TPU\subj\2671
|9 31209
|
| 610 |
1 |
|
|a магнитная обработка
|
| 610 |
1 |
|
|a омагниченная вода
|
| 610 |
1 |
|
|a магнитное поле
|
| 675 |
|
|
|a 628.16.08
|v 3
|
| 700 |
|
1 |
|a Сокольский
|b Ю. М.
|g Юрий Миронович
|
| 801 |
|
0 |
|a RU
|b 63413507
|c 20011210
|g PSBO
|
| 801 |
|
2 |
|a RU
|b 63413507
|c 20160125
|g PSBO
|
| 942 |
|
|
|c BK
|